[Event "VI Sunway Sitges Open 2019"]
[Site "Sitges"]
[Date "2019.12.14"]
[Round "2.6"]
[White "Bryakin, Mikhail"]
[Black "Kovalenko, Igor"]
[Result "0-1"]
[WhiteElo "2428"]
[BlackElo "2647"]
[Annotator "TA"]
[PlyCount "126"]
[EventDate "2019.12.13"]
[EventType "swiss"]
[EventCountry "ESP"]
[SourceTitle "playchess.com"]
[Source "ChessBase"]
[SourceQuality "1"]

{[%evp 11,126,53,69,28,44,32,54,60,88,64,98,66,111,85,97,95,104,43,51,39,63,43,53,18,14,12,18,20,12,16,39,8,12,0,0,0,0,-17,-17,-20,-20,-12,-20,-19,-19,-38,-39,-61,-69,-74,-66,-82,-52,-79,-83,-129,-130,-142,-133,-136,-133,-138,-129,-116,-91,-100,-94,-95,0,0,0,-56,-21,-21,-27,-18,-18,-339,-256,-335,-328,-280,-263,-672,-672,-672,-667,-677,-677,-677,-677,-677,-670,-662,-663,-656,-632,-1609,-1641,-1498,-1371,-1203,-752,-1754,-1674,-29975,-29975,-29981,-29978,-29977,-29976,-29985,-29986,-29986,-29986,-29985,-29986]} 1. d4 g6 2. c4 Bg7 3. Nc3 c5 4. d5 d6 5. e4 e6 6. Nf3 Ne7 7. h3 {A43: Schmid Benoni} (7. h4 h6 8. Be3 a6 9. a4 exd5 10. cxd5 Bg4 11. Be2 f5 12. Ng1 Qb6 13. Qc2 O-O 14. Bxg4 fxg4 {½-½ (40) Deac,B (2572)-Svidler,P (2748) Caleta 2017}) 7... O-O 8. Bd3 h6 9. O-O {White is slightly better.} Kh7 $146 ({Predecessor:} 9... a6 10. a4 f5 11. exf5 Nxf5 12. dxe6 Bxe6 13. Re1 Bf7 14. Bxf5 gxf5 15. Bf4 Nc6 16. Bxd6 {0-1 (42) Rychagov,A (2534)-Vavulin,M (2575) Moscow 2017}) 10. a3 Na6 11. Bd2 Bd7 12. Qc2 Rc8 13. Rab1 exd5 14. Nxd5 (14. exd5 $16 {Hoping for Bf4.} b5 15. Ne4 (15. Nxb5 Bxb5 16. cxb5 Nc7 $14) (15. cxb5 Nc7 $14)) 14... Nxd5 15. exd5 ({Reject} 15. cxd5 c4 $11) 15... Nc7 16. Rfe1 Re8 17. Bc3 b5 18. b3 bxc4 19. bxc4 Rxe1+ 20. Rxe1 Rb8 21. Bxg7 Kxg7 22. Qc3+ Qf6 23. Qa5 Rb7 24. Rb1 Rxb1+ 25. Bxb1 Ne8 26. Qxa7 Bxh3 {Black wants to play ...Bg4.} 27. Qa4 Kf8 28. Qb3 Bd7 29. Nd2 Qa1 30. Nf1 Nf6 31. Qa2 Qc3 32. a4 {next a5 is good for White.} Bc8 33. Qd2 Qxd2 $1 34. Nxd2 $17 {[%mdl 4096] Endgame KBN-KBN} Ke7 35. Bc2 Kd8 $1 36. Kf1 Kc7 37. Ke2 Kb6 38. Kd3 Ng4 39. f3 Bf5+ (39... Ne5+ $17 40. Kc3 f5) 40. Kc3 $11 Bxc2 {[#]} 41. Kxc2 {KN-KN} (41. a5+ $1 $11 {[%mdl 512]} Kxa5 42. fxg4) 41... Ne3+ 42. Kd3 $1 {[%cal Rd3e3]} Nxg2 {aiming for ...f5.} 43. Ne4 Kc7 {Threatens to win with ...Nh4.} 44. a5 $2 {[%mdl 8192]} (44. Nc3 $1 $11 {and White has nothing to worry.}) 44... Ne1+ $1 $19 45. Kc3 {Strongly threatening Nxd6!} Nxf3 46. Nxd6 {[#]} Ne5 $1 ({Not} 46... Kxd6 $2 47. a6 $18) 47. Ne8+ $2 (47. Ne4 Nd7 48. Nd2) 47... Kb7 48. Nf6 Ka6 49. d6 {[#] White hopes to continue with Ng4.} h5 $1 50. d7 Nc6 51. Kd3 Kxa5 52. Ke4 Kb6 53. Kd5 h4 54. Kd6 {intending Nd5+.} h3 55. Ng4 f5 56. Nf2 h2 {White must now prevent ...g5.} 57. Ke6 Kc7 58. Kf6 Kxd7 {Black mates.} 59. Kxg6 Ke6 60. Kg5 Ne5 61. Nh1 Nxc4 62. Kf4 Nd6 63. Kg3 Ne4+ {Accuracy: White = 38%, Black = 74%.} 0-1

[Event "VI Sunway Sitges Open 2019"]
[Site "Sitges"]
[Date "2019.12.14"]
[Round "2.7"]
[White "Donchenko, Alexander"]
[Black "Nomin-Erdene, Davaademberel"]
[Result "1-0"]
[WhiteElo "2644"]
[BlackElo "2425"]
[Annotator "TA"]
[PlyCount "117"]
[EventDate "2019.12.13"]
[EventType "swiss"]
[EventCountry "ESP"]
[SourceTitle "playchess.com"]
[Source "ChessBase"]
[SourceQuality "1"]

{[%evp 24,151,47,39,47,35,48,42,49,54,67,43,39,39,40,43,47,33,51,50,71,45,101,100,106,76,96,56,41,39,74,66,58,55,56,8,33,19,108,18,141,146,137,142,251,0,0,0,258,103,93,108,94,102,104,85,104,29,28,29,20,7,121,117,100,116,110,97,169,167,147,141,160,138,177,178,182,156,213,187,179,180,163,0,186,161,186,183,182,183,175,158,229,228,229,234,228,221,253,253,259,255,354,362,326,259,326,249,560,537,495,502,832,825,969,947,5701,5605,12124,6103,29977,29977,29977,29978,29978,29979,29981,29982,29979,29980]} 1. d4 d5 2. c4 e6 3. Nc3 Nf6 4. cxd5 exd5 5. Bg5 Be7 6. e3 c6 7. Bd3 Nbd7 8. h3 O-O 9. Nf3 Re8 10. O-O Nf8 11. Qc2 Nh5 12. Bxe7 Qxe7 13. Rab1 Nf6 {D36: Queen's Gambit Declined: Exchange Variation: Main line (5 Bg5 c6 6 Qc2)} (13... a6 14. Na4 g6 15. b4 Ng7 16. Nb6 Rb8 17. a4 Qd8 18. Nxc8 Rxc8 19. Nd2 Nd7 20. Nb3 Ne6 21. Nc5 Ndxc5 22. bxc5 {½-½ (33) Sonis,F (2459)-Moroni,L (2572) Spilimbergo 2019}) 14. b4 a6 15. a4 Ne6 $146 {White is slightly better.} ({Predecessor:} 15... Ne4 16. b5 axb5 17. axb5 Ng6 18. Rfc1 Ng5 19. Qd1 Qf6 20. bxc6 bxc6 21. Bf1 Bxh3 {½-½ (48) Nikolov,S (2412)-Danchevski,O (2384) Struga 2011}) 16. Rfc1 g6 17. b5 axb5 18. axb5 c5 $1 19. dxc5 Qxc5 20. Qd2 Qe7 21. b6 Nc5 22. Bc2 Be6 (22... Nce4 $14 23. Nxe4 (23. Nxd5 Nxd5 24. Qxd5 Nc3 $17 {[%mdl 64] Double Attack}) 23... dxe4) 23. Nb5 $1 $16 {Hoping for Nc7.} Ra2 24. Nc7 Nce4 25. Qe1 Rd8 26. Nd4 Bc8 27. f3 Nc5 28. Rb5 $36 {[%mdl 2048] Rxc5! is the strong threat. White has the initiative.} Ra3 29. Kf2 (29. Bxg6 $5 hxg6 30. Rbxc5 $16) 29... Bd7 30. Ra5 Ba4 {[#]} (30... Rxa5 $11 31. Qxa5 Ne6) 31. Bxg6 (31. Rxc5 $1 $16 {[%mdl 512]} Qxc5 32. Bxa4 Qxb6 33. Bd1) 31... Ra2+ (31... hxg6 $11 {remains equal.} 32. Rcxc5 (32. Raxc5 Nd7 $14) 32... Nd7 33. Nxd5 Qh4+ 34. Kf1 Qxe1+ 35. Kxe1 Nxc5 36. Rxc5 Ra2) 32. Kg1 hxg6 33. Rcxc5 Ra3 (33... Rb2 $16 {is a better defense.} 34. Qc1 (34. Nxd5 Nxd5 35. Rxd5 Rxd5 $16) 34... Rb4) 34. Kf2 $2 ({Not} 34. Nxd5 Nxd5 35. Rxd5 Rxd5 $14) (34. Qc1 $18 Ra2 35. Nxd5 Rxd5 36. Rxd5 Nxd5 37. Rxd5) 34... Ra2+ $11 35. Kg1 $2 {[%mdl 8192]} (35. Kf1 $11) 35... Ra3 $1 $18 36. Qd2 $2 ({Less strong is} 36. Nxd5 Nxd5 37. Rxd5 Rxd5 $14) (36. Qc1 $18 {has better winning chances.} Ra2 37. Nxd5 Rxd5 38. Rxd5 Nxd5 39. Rxd5) 36... Ra1+ $16 37. Rc1 Rxc1+ 38. Qxc1 Qb4 39. Ra7 Rb8 40. Ra8 (40. Na8 $16) 40... Rxa8 $11 41. Nxa8 Bd7 42. Ne2 Qa5 (42... Bb5 $11 {keeps the balance.} 43. Qc3 Qd6 44. Qc8+ Kg7) 43. Qc3 $1 $16 {[%cal Rc3a5]} Qxc3 44. Nxc3 {[%mdl 4096] Endgame KBN-KNN} Bc6 45. Ne2 Kf8 (45... Bb5 $16) 46. Nd4 $1 $18 {[%cal Rd4c6]} Ba4 47. h4 Ke7 48. Kf2 Kd6 49. g4 Ke5 50. Kg3 Bd7 (50... Nd7 $16 {might work better.} 51. h5 gxh5) 51. Nc7 Ba4 52. Kf2 Kd6 53. Na8 Ke5 $1 54. Ke2 Kd6 55. Ke1 Kc5 56. Kf2 Kd6 57. Kg3 Ke5 (57... Nd7 $16 58. Kf4 f6) 58. Nc7 Bd7 59. Nc2 {Played: Nc7-a6} 1-0

[Event "VI Sunway Sitges Open 2019"]
[Site "Sitges"]
[Date "2019.12.14"]
[Round "2.8"]
[White "Low, Zhen Yu Cyrus"]
[Black "Sethuraman, S.P."]
[Result "0-1"]
[WhiteElo "2420"]
[BlackElo "2638"]
[Annotator "TA"]
[PlyCount "102"]
[EventDate "2019.12.13"]
[EventType "swiss"]
[EventCountry "ESP"]
[SourceTitle "playchess.com"]
[Source "ChessBase"]
[SourceQuality "1"]

{[%evp 12,122,28,12,14,-36,0,0,0,0,35,10,0,0,0,0,35,24,32,24,44,17,13,15,18,20,39,0,0,0,0,0,32,16,136,0,0,29,76,-65,-69,-107,-70,-79,-58,-76,-58,-68,-65,-56,-66,-77,-78,-103,-100,-139,-136,-139,-116,-110,-118,-123,-123,-166,-155,-161,-163,-151,-166,-161,-162,-153,-147,-185,-185,-212,-208,-262,-264,-278,-238,-268,-274,-346,-346,-340,-329,-332,-272,-323,-308,-319,-293,-299,-277,-280,-231,-210,-204,-195,-210,-199,-193,-176,-148,-291,-250,-253,-214,-225,-215,-208,-214]} 1. e4 c5 2. Nf3 d6 3. d4 cxd4 4. Nxd4 Nf6 5. Nc3 a6 6. Bg5 Nbd7 7. Bc4 Qb6 {B94: Sicilian Najdorf: 6 Bg5 Nbd7} 8. O-O (8. Bb3 e6 9. Qd2 Be7 10. O-O-O Nc5 11. f3 Qc7 12. g4 b5 13. h4 Bd7 14. Kb1 b4 15. Nce2 {0-1 (40) Papp,G (2591)-Navara,D (2733) Slovakia 2019}) 8... Qc5 9. Bd5 e6 {The position is equal.} 10. Re1 Ne5 11. Bxf6 gxf6 12. Re3 h5 13. b4 Qc7 14. Bb3 Bd7 15. Nce2 $146 ({Predecessor:} 15. a4) 15... h4 16. h3 Qb6 17. Rb1 Bh6 18. Rc3 $1 Ke7 19. Kh1 Rac8 20. Rxc8 Rxc8 21. Qe1 Ng6 22. Rd1 Ra8 {[#]} (22... a5 $11 {keeps the balance.} 23. a3 a4) 23. c4 (23. f4 $1 $16 {[%mdl 512]}) 23... a5 $11 24. Nc3 {[%cal Be2c3,Bc3a4,Ba4c5,Bc5d3][%mdl 32] Hoping for Nf5+!} Kf8 ({Much worse is} 24... axb4 $6 25. Nf5+ $1 {[%mdl 512]} Kf8 26. Rxd6 $16) 25. Ndb5 ({White should play} 25. b5 $16) 25... axb4 $15 26. Na4 Qa5 27. Rxd6 Bc6 28. Nc5 Bf4 29. Rd1 Bxb5 30. cxb5 Qxb5 31. Nd3 {[#]} Bd6 $1 32. Qe3 {White wants to play Bxe6!} Kg7 33. Rc1 Rd8 34. Bc4 Qg5 35. Qxg5 fxg5 36. Bb3 Kf6 37. Kg1 {[#]} Bh2+ $1 {[%mdl 576] Discovered Attack} 38. Kxh2 {Rd1 is the strong threat.} Rxd3 $17 {[%mdl 4096] Endgame KRB-KRN} 39. Rc4 Rd2 40. Kg1 Ne5 41. Rxb4 {[#]} Rxf2 $1 {[%mdl 512]} 42. Rxb7 (42. Kxf2 Nd3+) 42... Re2 43. Rc7 Nd3 ({Resist} 43... Rxe4 44. Kf2) 44. Rc2 Rxe4 45. Rd2 Re1+ 46. Kh2 Nc5 47. Rf2+ Ke7 48. Bc4 Rc1 49. Bb5 Rb1 50. Bc4 f5 51. Rf1 Rb4 {Played: Rb1-b2} 0-1

[Event "VI Sunway Sitges Open 2019"]
[Site "Sitges"]
[Date "2019.12.14"]
[Round "2.9"]
[White "Tabatabaei, M.amin"]
[Black "Kacharava, Nikolozi"]
[Result "1-0"]
[WhiteElo "2635"]
[BlackElo "2416"]
[Annotator "TA"]
[PlyCount "99"]
[EventDate "2019.12.13"]
[EventType "swiss"]
[EventCountry "ESP"]
[SourceTitle "playchess.com"]
[Source "ChessBase"]
[SourceQuality "1"]

{[%evp 22,99,43,46,49,48,46,41,55,23,37,23,34,27,74,8,36,33,48,58,59,60,61,68,62,0,61,19,34,33,67,60,80,76,85,31,84,30,102,110,106,93,431,435,1426,1358,1428,1214,1428,1363,1339,1137,2341,2191,2512,2286,2185,1819,2457,2610,2470,2337,1315,45,65,68,12840,12840,12841,12841,12841,12842,12842,12843,12843,12843,12844,12844,12844,12845]} 1. e4 e5 2. Nf3 Nf6 3. Nxe5 d6 4. Nf3 Nxe4 5. d4 d5 6. Bd3 Nc6 7. O-O Be7 8. Nbd2 Bf5 9. Re1 Nxd2 10. Qxd2 Bxd3 11. Qxd3 O-O 12. c3 Qd7 $146 {C42: Petroff Defence: 3 Nxe5 and unusual White 3rd moves} ({Predecessor:} 12... a6 13. Bf4 Bd6 14. Ng5 g6 15. Qh3 h5 16. Qg3 Bxf4 17. Qxf4 Qd7 18. Re3 Rae8 19. Rae1 Rxe3 20. Qxe3 {½-½ (33) Stevic,H (2616)-Mamedov,N (2596) Antalya 2017}) 13. Bf4 Bd6 14. Ng5 {[%csl Gg5][%cal Rd3h7]} g6 {White is slightly better.} 15. Bxd6 Qxd6 16. Qh3 {[%csl Gg5][%cal Rh3h7]} h5 17. Qf3 Qd7 18. Re3 (18. Nh3 $1 $16) 18... Rae8 19. Rae1 Rxe3 20. Qxe3 Qf5 21. h4 a6 22. Qg3 Qd7 23. Qe3 (23. Nh3 $14) 23... Qg4 ({Black should try} 23... Qf5 $11) 24. Nf3 Kg7 25. Ne5 Qe6 26. Nxc6 (26. Qf3 {with more complications.} Nxe5 27. Rxe5 Qb6 28. Qe2 Qd6 29. Re7) 26... Qxe3 27. Rxe3 bxc6 $14 {[%mdl 4096] Endgame KR-KR} 28. b4 (28. b3 $16) 28... Rb8 (28... a5 $14) 29. f3 (29. Kf1 $16) 29... Kf8 (29... a5 $11 {keeps the balance.}) 30. Kf2 $16 Rd8 31. Ke2 f6 $2 {[%mdl 8192]} (31... Ra8 $16 {is a better chance.}) 32. Re6 $18 Re8 (32... Kf7 $142 33. Rxc6 {[%mdl 64] Double Attack} Re8+ 34. Kd3 Re1 35. Rxc7+ Ke8) 33. Rxe8+ Kxe8 {KP-KP} 34. Ke3 Kf7 35. Kf4 $1 Kg7 36. a4 $1 {[%cal Ba2a4,Ba4a5][%mdl 32]} Kf7 37. g4 $1 {[%cal Rg4h5]} hxg4 38. fxg4 Kg7 39. a5 $1 Kh6 40. g5+ $1 Kg7 41. Ke3 f5 {[#]} 42. c4 $1 {[%mdl 512]} dxc4 $14 {[#]} 43. d5 $1 {[%cal Rd5c6][%mdl 512]} Kf7 $2 {[%mdl 8192]} (43... cxd5 $14 44. b5 d4+ 45. Kxd4 f4) 44. dxc6 $18 {White is clearly winning.} Ke6 45. Kd4 f4 46. Kxc4 Kf5 47. Kd3 Kg4 48. Ke2 Kg3 {[#]} 49. Kf1 $1 Kxh4 {[#]} 50. b5 $1 {[%mdl 512] Accuracy: White = 60%, Black = 31%.} 1-0

[Event "VI Sunway Sitges Open 2019"]
[Site "Sitges"]
[Date "2019.12.14"]
[Round "2.10"]
[White "Nielsen, Hogni Egilstoft"]
[Black "Vocaturo, Daniele"]
[Result "0-1"]
[WhiteElo "2416"]
[BlackElo "2627"]
[Annotator "TA"]
[PlyCount "66"]
[EventDate "2019.12.13"]
[EventType "swiss"]
[EventCountry "ESP"]
[SourceTitle "playchess.com"]
[Source "ChessBase"]
[SourceQuality "1"]

{[%evp 15,66,25,18,20,29,6,0,0,0,0,10,0,0,-20,-23,-23,-22,-21,-12,-91,-95,-102,-103,-133,-117,-102,-65,-90,-97,-92,-92,-87,-81,-87,-86,-83,-90,-136,-139,-252,-252,-249,-238,-262,-254,-364,-358,-500,-496,-448,-427,-613,-451]} 1. e4 e5 2. Nf3 Nc6 3. Bc4 Bc5 4. c3 Nf6 5. d3 O-O 6. O-O d5 7. exd5 Nxd5 8. Re1 Bg4 9. Nbd2 $146 {C54: Giuoco Piano: 4 c3 Nf6, main lines with 5 d4 and 5 d3} ({Predecessor:} 9. h3 Bh5 10. Nbd2 Nb6 11. Ne4 Nxc4 12. Nxc5 {0-1 (37) Sarthou,G (2386)-Naiditsch,A (2691) France 2010}) 9... Nb6 10. Ne4 (10. Bb5 {is interesting.} Bd6 11. h3 Bh5 12. Nc4 f6 13. b4) 10... Nxc4 11. Nxc5 {The position is equal.} Nd6 12. h3 Bh5 13. g4 Bg6 $1 14. Nxe5 Nxe5 15. Rxe5 b6 16. Nb3 f5 17. Re3 (17. Nd4 $11) 17... Qh4 $17 {[%mdl 1024] ...fxg4 is the strong threat. Black has strong compensation.} 18. Rg3 Rae8 $36 {[%mdl 2048] White is under strong pressure.} 19. Bd2 f4 20. Rf3 h5 (20... Bf7 {feels hotter.} 21. Qf1 g5 22. c4 h5 23. Qg2 c5) 21. Rxf4 Qxh3 22. Qf1 hxg4 23. Qxh3 gxh3 24. Rxf8+ Rxf8 25. Be3 Bxd3 26. Kh2 Nc4 27. Rd1 (27. Kxh3 $17 {keeps fighting.} Be4 28. Kg3) 27... Nxe3 $19 28. fxe3 {[%mdl 4096] Endgame [#] KRB-KRN} Bf1 $1 29. Kg3 c5 30. e4 (30. Nd2 $142 Bg2 31. Re1) 30... Bg2 31. e5 Rf3+ {Black is clearly winning.} 32. Kh2 Re3 33. Rd7 (33. Rd8+ $142 Kh7 34. Nc1) 33... Rxe5 {Accuracy: White = 38%, Black = 87%.} 0-1

[Event "VI Sunway Sitges Open 2019"]
[Site "Sitges"]
[Date "2019.12.14"]
[Round "2.11"]
[White "Narayanan.S.L"]
[Black "Akash Pc, Iyer"]
[Result "1-0"]
[WhiteElo "2626"]
[BlackElo "2415"]
[Annotator "TA"]
[PlyCount "73"]
[EventDate "2019.12.13"]
[EventType "swiss"]
[EventCountry "ESP"]
[SourceTitle "playchess.com"]
[Source "ChessBase"]
[SourceQuality "1"]

{[%evp 9,89,78,91,74,118,122,133,129,137,139,142,108,149,145,141,117,165,165,172,163,175,159,175,135,124,123,123,124,120,116,126,123,134,120,130,129,199,171,182,171,172,174,308,301,301,307,318,310,365,339,336,281,276,234,200,202,263,208,412,423,406,399,391,324,404,361,403,392,373,367,351,284,342,332,1033,1031,3245,2339,29985,29986,29986,29987]} 1. e4 c6 2. d4 d5 3. e5 Bf5 4. h4 Bd7 (4... h5 5. c4 e6 6. Nc3 Bb4 7. cxd5 cxd5 8. Bg5 Ne7 9. Bd3 Bxc3+ 10. bxc3 Qc7 11. Ne2 Nd7 12. Bxf5 Nxf5 13. O-O f6 14. exf6 gxf6 {½-½ (40) Sjugirov,S (2661)-Riazantsev,A (2653) Sochi 2019}) 5. c4 e6 6. Nc3 {B12: Caro-Kann: Advance Variation} Na6 $146 ({Predecessor:} 6... Ne7 7. h5 h6 8. a3 dxc4 9. Bxc4 Nd5 10. Ne4 f5 11. exf6 gxf6 12. Nf3 {1-0 (38) Ponizil,C (2436)-Sobek,J (2329) Czechia 2015}) 7. c5 Bc8 8. a3 {White is clearly better.} Nb8 9. Nf3 Ne7 10. Bd3 h6 11. b4 b6 12. Rb1 Nd7 13. h5 Qc7 14. Bf4 Bb7 15. Qd2 Nc8 16. Rh3 a5 17. Kf1 Ba6 18. Kg1 Bxd3 19. Qxd3 axb4 20. axb4 Rb8 21. Qc2 Ne7 22. Ne2 b5 (22... Qb7 $16 {was worth a try.}) 23. Nh4 Ra8 24. Bd2 Qa7 25. Nc1 Qa4 (25... Nb8 $142 26. Rhb3 Nd7) 26. Nb3 $18 Qa2 27. Qd1 {aiming for Ra1.} Qa6 28. Qg4 Qc8 29. Rf3 Rg8 30. Na5 f5 31. exf6 Nxf6 {[#]} 32. Qh3 $1 Ne4 33. Bf4 Nf5 $2 (33... e5) 34. Nxf5 exf5 35. Re1 Be7 36. Rfe3 Bf6 37. Qg3 {Played: f2-f3} 1-0

[Event "VI Sunway Sitges Open 2019"]
[Site "Sitges"]
[Date "2019.12.14"]
[Round "2.12"]
[White "Marzolo, Cyril"]
[Black "Heimann, Andreas"]
[Result "0-1"]
[WhiteElo "2415"]
[BlackElo "2617"]
[Annotator "TA"]
[PlyCount "100"]
[EventDate "2019.12.13"]
[EventType "swiss"]
[EventCountry "ESP"]
[SourceTitle "playchess.com"]
[Source "ChessBase"]
[SourceQuality "1"]

{[%evp 15,100,14,14,-18,-14,-15,-21,-20,16,12,30,35,43,6,15,20,20,0,23,23,23,19,22,12,49,30,52,44,62,50,50,46,48,47,44,27,34,29,26,27,27,34,35,24,40,21,24,22,27,20,29,0,25,6,6,6,6,6,6,6,7,-22,-25,-41,-25,-56,-27,-111,-111,-112,-116,-139,-142,-146,-127,-140,-116,-101,-54,-95,-95,-182,-181,-191,-131,-117,-135]} 1. d4 d5 2. Nf3 Nf6 3. c4 e6 4. Nc3 Bb4 5. e3 O-O 6. Bd3 c5 7. O-O dxc4 8. Bxc4 Nc6 9. Qe2 {E54: Nimzo-Indian: Rubinstein: Main Line: 7...dxc4 8 Bxc4} (9. a3 Ba5 10. Ba2 Qe7 11. Qe2 Rd8 12. Rd1 b6 13. Bd2 cxd4 14. exd4 Bxc3 15. bxc3 Bb7 16. Bg5 Rac8 17. Ne5 h6 18. Bh4 g5 19. Bg3 Nxe5 20. Bxe5 Rxc3 21. h4 Nd5 22. Bxd5 Rxd5 23. Rac1 Rc6 {½-½ (23) Aleksandrov,A (2574)-Dubov,D (2703) Skopje 2019}) 9... cxd4 10. Rd1 {[%cal Re3d4]} Bxc3 11. bxc3 {The position is equal.} d3 $146 ({Predecessor:} 11... Nd5 12. Bxd5 exd5 13. Nxd4 Qa5 14. Nb3 Qxc3 15. Rxd5 Bg4 16. f3 Be6 17. Bb2 Qb4 18. Rb5 Qe7 19. Qe1 f6 20. Rc1 a6 21. Rbc5 Rfe8 22. e4 Rad8 23. Na5 {½-½ (23) Alatortsev,V-Kolarov,A Tbilisi 1965}) 12. Bxd3 Qc7 13. Nd4 a6 14. Nxc6 (14. Ba3 {with more complications.} Re8 15. Nb3 Rd8 16. c4 b6 17. Rac1) 14... Qxc6 15. c4 e5 {Hoping for ...e4.} 16. e4 Bg4 17. f3 Be6 18. Be3 Nd7 19. c5 Rfd8 20. Rdc1 Nf8 21. Qc2 Rac8 22. Bf1 Rc7 23. Qb2 f6 24. a4 Bf7 25. Qb6 Ne6 26. Qxc6 Rxc6 27. Rab1 Rd7 28. Rb6 {[#] Black must now prevent Bxa6!} Nd8 29. Kf2 Kf8 30. Ke1 Ke7 31. Rcb1 Be6 32. Be2 Rcc7 33. Rd1 (33. h4 {keeps more tension.} Nc6 34. Kf2 h6 35. R1b2 Kf8 36. g4) 33... Nc6 34. Rxd7+ (34. Rc1 {feels hotter.} Bf7 35. Rcb1 Be8 36. Kf2 Nd4 37. Bd1) 34... Bxd7 35. Kd2 Nd8 36. Bd1 Ne6 37. Bb3 Bc6 38. Bxe6 Kxe6 $11 {[%mdl 4096] Endgame KRB-KRB} 39. Rb4 g6 40. Kc2 f5 41. exf5+ (41. Kd2 $11) 41... gxf5 $17 42. Rh4 f4 43. Bf2 Bxa4+ 44. Kc3 {intending Rh6+.} Be8 45. g3 fxg3 46. hxg3 b6 47. Rh6+ Bg6 48. Kb4 (48. Be3 $17 {was called for.}) 48... bxc5+ $19 49. Bxc5 Rb7+ (49... Rf7 $19 50. f4 exf4 51. gxf4 Kd5) 50. Kc4 Rf7 {Accuracy: White = 48%, Black = 57%.} 0-1

[Event "VI Sunway Sitges Open 2019"]
[Site "Sitges"]
[Date "2019.12.14"]
[Round "2.13"]
[White "Travadon, Loic"]
[Black "Nihal Sarin"]
[Result "1/2-1/2"]
[WhiteElo "2412"]
[BlackElo "2612"]
[Annotator "TA"]
[PlyCount "81"]
[EventDate "2019.12.13"]
[EventType "swiss"]
[EventCountry "ESP"]
[SourceTitle "playchess.com"]
[Source "ChessBase"]
[SourceQuality "1"]

{[%evp 18,81,32,22,47,15,23,16,14,11,20,10,7,-6,10,10,11,14,13,10,19,22,26,0,0,0,0,0,0,0,0,0,0,0,0,0,0,0,0,0,0,0,0,0,0,0,0,0,0,0,0,0,0,0,0,0,0,0,0,0,0,0,0,0,0,0]} 1. d4 f5 2. g3 Nf6 3. Bg2 g6 4. Nf3 Bg7 5. c4 O-O 6. O-O d6 7. Nc3 c6 8. b3 a5 9. Bb2 Na6 {[%cal Bb8a6,Ba6c5,Bc5e4][%mdl 32]} 10. Re1 Ne4 {A88: Dutch Defence: Leningrad System: 5 Nf3 0-0 6 0-0 d6 7 Nc3 c6} (10... Qc7 11. e4 e5 12. c5 dxc5 13. dxe5 Nxe4 14. Qe2 Nxc3 15. Bxc3 Qe7 16. Bxa5 Be6 17. Rad1 Nb4 18. Bxb4 cxb4 {½-½ (53) Bok,B (2622)-Cheparinov,I (2693) Batumi 2018}) 11. Qb1 Nxc3 12. Bxc3 Nc5 $146 ({Predecessor:} 12... Rb8 13. Qb2 Bd7 14. Qd2 b6 15. Rac1 Nc7 16. d5 c5 17. e4 f4 18. Bxg7 Kxg7 19. gxf4 {1-0 (40) Cvitan,O (2535)-Buchal,S (2280) Biel 1996}) 13. Bb2 Ne4 14. Qc2 a4 15. Rad1 Qb6 16. e3 Be6 17. Nd2 axb3 18. axb3 d5 19. c5 Qb4 20. f3 (20. Nb1 $5 {[%cal Rf2f3]}) 20... Nxd2 {The position is equal.} 21. Rxd2 Ra2 22. Ra1 Rfa8 23. Rxa2 Rxa2 24. Qc3 Qxc3 25. Bxc3 Ra3 26. Rb2 g5 27. f4 gxf4 28. gxf4 Bf6 29. Bf3 Kg7 30. Bd1 Bf7 31. Rb1 Kh6 32. Ra1 Rxa1 33. Bxa1 Bh5 34. Bxh5 Kxh5 $11 {[%mdl 4096] Endgame KB-KB} 35. Bc3 e6 36. Ba5 Kg4 {[#] Threatens to win with ...Kf3.} 37. Kg2 Be7 38. Bb6 Bh4 39. Ba5 Be7 40. Bb6 Bh4 41. Ba5 {Accuracy: White = 81%, Black = 79%.} 1/2-1/2